Western Most NBA Teams - Statistics

General Stats
  • This quiz has been taken 34 times
  • The average score is 8 of 10
Answer Stats
Lattitude Team % Correct
122.20 Golden State Warriors
100%
122.67 Portland Trailblazers
94%
121.50 Sacramento Kings
90%
118.27 Los Angeles Clippers/Los Angeles Lakers
84%
111.09 Utah Jazz
81%
105.01 Denver Nuggets
77%
112.07 Phoenix Suns
77%
97.52 Oklahoma City Thunder
74%
96.81 Dallas Mavericks
71%
98.44 San Antonio Spurs
68%
No matching quizzes found
Score Distribution
Percent of People with Each Score
Percentile by Number Answered
Your Score History
You have not taken this quiz